000 01281nam a2200229Ia 4500
003 Ost
005 20260507075440.0
008 260507s9999||||xx |||||||||||||| ||und||
040 _cfsecg
041 _aara
082 _a658.15
100 _aطنيب، محمد شفيق حسين
_eمؤلف
245 0 _aالادارة المالية في القطاع الخاص /
_c محمد شفيق حسين طنيب
260 _aعمان:
_bدار المستقبل,
_c2009
300 _a311 صفحة؛
_bإيضاحات ؛
_c24 سم
504 _aببليوغرافيا: ص.305-306
520 _aالوظيفة المالية ومكونات الحقل المالي، الادارة المالية في القطاع الخاص، بيئة الادارة المالية، السيولة، المعادلة بين العائد والمخاطرة، التمويل قصير الأجل، الهيكل المالي للمنشأة، أموال الملكية، مقارنة بين اموال الافتراض والملكية، مفهوم السياسات المالية، أهمية التخطيط المالي، ادارة الموجودات
653 _aالادارة المالية
653 _aالاقتصاد المالي
653 _aالقطاع الخاص
942 _cكتاب
999 _c44560
_d44560